Sanat - "Isoisän olkihattu" - Tapio Rautavaara - Statistics

Yleistilastot
  • Tätä visaa on pelattu 134 kertaa
  • Keskiarvotulos 102 / 212
Vastaustilastot
Sanat % Oikein
Ol'
98%
olkihattu
93%
isoisä
88%
ja
88%
kerran
88%
Sen
86%
sen
86%
Vaan
86%
vaan
86%
kun
83%
83%
83%
niin
81%
Niin
81%
ei
76%
isoisän
74%
vanhan
74%
hän
71%
se
71%
ullakolle
71%
et
69%
olkihatun
69%
kapusin
67%
siitä
67%
tässä
67%
yksin
67%
pientä
64%
siellä
64%
hattukauppa
62%
kauppaa
62%
pieni
62%
en
60%
katsoi
60%
nyt
60%
silmiin
60%
sinisiin
60%
arkun
57%
kaapin
57%
kauan
57%
myyjättären
57%
siinä
57%
sivukadulla
57%
todella
57%
istahdin
55%
kerron
55%
löydä
55%
löysin
55%
ostanut
55%
päälle
55%
hatut
52%
kaikki
52%
on
52%
tarinaa
52%
valitsi
52%
aikaa
50%
aukaisin
50%
mitä
50%
muistelin
50%
olis
50%
vähän
50%
valinta
50%
etsi
48%
hiljaa
48%
kohta
48%
nykyään
48%
sitä
48%
millään
45%
oikein
45%
ois
45%
sattumalta
45%
tiedä
45%
kuin
43%
miten
43%
piipahti
43%
pölystä
43%
puhdistin
43%
vienyt
43%
hennonnut
40%
lienen
40%
mennä
40%
pois
40%
siihen
40%
soi
40%
tuskin
40%
ullakolla
40%
viimein
40%
kääntelin
38%
tää
38%
etsinyt
36%
hääkellot
36%
heille
36%
puotiin
36%
uus
36%
viivähdin
36%
herrasmies
33%
kuinka
33%
nähtiin
33%
tuli
33%
eräs
31%
kello
31%
kuus
31%
syy
31%
kas
29%
kera
29%
satu
29%
vain
29%
joka
26%
kaunis
26%
kulu
26%
lehtien
26%
mun
26%
päättyä
26%
sai
26%
syksyn
26%
toinen
26%
kätköihin
24%
kauniimmin
24%
laulamaan
24%
päivä
24%
pengoin
24%
pienen
24%
sinisilmäin
24%
tosiaan
24%
voi
24%
ihmiselo
21%
kukkimaan
21%
kulki
21%
luo
21%
mietin
21%
myymälän
21%
nuoren
21%
uudestaan
21%
hämärän
19%
iltaisin
19%
kahden
19%
kulkevan
19%
Näin
19%
näin
19%
puiston
19%
romanssi
19%
sulkemista
19%
vuoksi
19%
joku
17%
kuvat
17%
laitoin
17%
muistoks
17%
Odottavan
17%
puhkes
17%
sentään
17%
tarinasta
17%
tulevain
17%
ajan
14%
jääkään
14%
joskus
14%
meistä
14%
muistoissani
14%
ullakon
14%
alta
12%
hämys
12%
löytää
12%
minäkin
12%
muiston
12%
ehkä
10%
kuitenkin
10%
tomun
10%
isosiän
5%
Ehtoja vastaavia visoja ei löytynyt
Tulosjakauma
Jokaisen tuloksen saaneiden osuus
Persentiili vastausten määrän mukaan
Tuloshistoriasi
Et ole pelannut tätä visaa